| 000 | 00696nam a22001817a 4500 | ||
|---|---|---|---|
| 003 | UA-OsUOA | ||
| 001 | 10151 | ||
| 007 | ta | ||
| 008 | 20041229b un ||||| |||| 00| 0 ukr d | ||
| 100 | _aГригорук І. | ||
| 942 | _cSA | ||
| 040 |
_aUA-OsUOA _cUA-OsUOA _dUA-OsUOA |
||
| 245 |
_aСлово про Івана Шишка _b[У Гощан. шк. мистецтв відбулася презентація біограф. нарису ж-ста І. Пащука "Учитель і краєзнавець Іван Шишко"] |
||
| 300 | _aС.12 | ||
| 955 | _a0 | ||
| 773 | 0 |
_w0 _tВільне слово _dРівне _d2004 _g№98/24 груд./ |
|
| 650 | 7 |
_aКраєзнавство _2UDC |
|
| 999 |
_c296312 _d296312 |
||